| 000 | 00904nam0a22002651 4500 | ||
|---|---|---|---|
| 001 | rc\91404 | ||
| 005 | 20250620175641.0 | ||
| 010 |
_a5-02-011453-7 _910000 |
||
| 035 | _a(NLR Aleph) 005357583 | ||
| 090 |
_a6863559 _c6863559 |
||
| 100 | _a20021216d1991 |||y0rusy50 ca | ||
| 101 | 0 | _arus | |
| 102 | _aRU | ||
| 105 | _aa ||||||||| | ||
| 200 | 1 |
_aСтолетие дерзаний _e(Владимир. Русь в лит. XII в.) _fОтв. ред. А.Н. Робинсон _gАН СССР |
|
| 210 |
_aМ. _cНаука _d1991 |
||
| 215 |
_a158, [2] с., [4] л. ил. _d20 |
||
| 225 | 1 | _aЛитературоведение и языкознание | |
| 320 | _aБиблиогр. в примеч.: с. 151-159 | ||
| 700 | 1 |
_aФилипповский _bГ.Ю. _gГерман Юрьевич |
|
| 801 | 0 |
_aRU _bNLR _gpsbo |
|
| 801 | 1 |
_aRU _bELAR _2rusmarc |
|
| 852 |
_aNLR _j91-3/7226 |
||
| 942 | _cBOOK | ||
| 980 | _aNB | ||